Report on the Seminar for the Parliamentary Committees held at Whites Ands Hotel on the 12th and 13th September 2002 (Record no. 2116)
[ view plain ]
| 000 -LEADER | |
|---|---|
| fixed length control field | 00429nam a22001097a 4500 |
| 008 - FIXED-LENGTH DATA ELEMENTS--GENERAL INFORMATION | |
| fixed length control field | 230621b xxu||||| |||| 00| 0 eng d |
| 082 ## - DEWEY DECIMAL CLASSIFICATION NUMBER | |
| Classification number | 328.365 |
| Item number | MWE |
| 245 ## - TITLE STATEMENT | |
| Title | Report on the Seminar for the Parliamentary Committees held at Whites Ands Hotel on the 12th and 13th September 2002 |
| 260 ## - PUBLICATION, DISTRIBUTION, ETC. (IMPRINT) | |
| Place of publication, distribution, etc. | Nairobi, Kenya |
| Name of publisher, distributor, etc. | Finance planning and trade Committee of parliament and Institute of Economic Affairs |
| 300 ## - PHYSICAL DESCRIPTION | |
| Extent | 72p |
| 942 ## - ADDED ENTRY ELEMENTS (KOHA) | |
| Source of classification or shelving scheme | Dewey Decimal Classification |
| Koha item type | Books |
| Withdrawn status | Lost status | Source of classification or shelving scheme | Damaged status | Not for loan | Home library | Current library | Date acquired | Total Checkouts | Full call number | Barcode | Date last seen | Price effective from | Koha item type |
|---|---|---|---|---|---|---|---|---|---|---|---|---|---|
| Dewey Decimal Classification | County Hall Archives | County Hall Archives | 06/21/2023 | 328.365 MWE | 10013096 | 06/21/2023 | 06/21/2023 | Books | |||||
| Dewey Decimal Classification | County Hall Archives | County Hall Archives | 06/21/2023 | 328.365 MWE | 10013095 | 06/21/2023 | 06/21/2023 | Books |
